ბათუმის შოთა რუსთაველის სახელმწიფო უნივერსიტეტის ბიბლიოთეკა

წყურვილი (ბიბ.ჩანაწერი № 50174)

000 -LEADER
fixed length control field 00660nam a2200229Ia 4500
001 - CONTROL NUMBER
control field 17112
003 - CONTROL NUMBER IDENTIFIER
control field GE_BSU
008 - FIXED-LENGTH DATA ELEMENTS--GENERAL INFORMATION
fixed length control field 181216s||||||||xx |||||||||||||| ||und||
040 ## - CATALOGING SOURCE
Transcribing agency GE_BSU
080 ## - UNIVERSAL DECIMAL CLASSIFICATION NUMBER
Universal Decimal Classification number 821.353.1-1
100 ## - MAIN ENTRY--PERSONAL NAME
Personal name ართილაყვა, რევაზი
245 ## - TITLE STATEMENT
Title წყურვილი
245 ## - TITLE STATEMENT
Remainder of title ლექსები
245 ## - TITLE STATEMENT
Statement of responsibility, etc. რედ.გ.მოისწრაფიშვილი
260 ## - PUBLICATION, DISTRIBUTION, ETC.
Place of publication, distribution, etc. ბათუმი
260 ## - PUBLICATION, DISTRIBUTION, ETC.
Name of publisher, distributor, etc. საბჭ. აჭარა
260 ## - PUBLICATION, DISTRIBUTION, ETC.
Date of publication, distribution, etc. 1970
300 ## - PHYSICAL DESCRIPTION
Extent 91გვ. : ილ. ; 15სმ.
653 ## - INDEX TERM--UNCONTROLLED
Uncontrolled term ლექსები
653 ## - INDEX TERM--UNCONTROLLED
Uncontrolled term წყურვილი
942 ## - ADDED ENTRY ELEMENTS (KOHA)
Koha item type წიგნი
ეგზემპლარები
Withdrawn status Lost status Damaged status Not for loan Date acquired Barcode Date last seen Price effective from Koha item type
        2018-12-17 21686 2018-12-17 2018-12-17 წიგნი